LIBRARY & INFORMATION CENTRE, KCAET, TAVANUR

ONLINE PUBLIC ACCESS CATALOGUE (OPAC)

Solar energy R&D in the European community: Wind energy / (Record no. 5372)

MARC details
000 -LEADER
fixed length control field 00414cam a2200157ua 4500
041 ## - LANGUAGE CODE
Language code of text/sound track or separate title eng
082 ## - DEWEY DECIMAL CLASSIFICATION NUMBER
Classification number 621.0427
Item number PAL/SO
100 ## - MAIN ENTRY--AUTHOR NAME
Personal name Palz, W .
245 ## - TITLE STATEMENT
Title Solar energy R&D in the European community: Wind energy /
260 ## - PUBLICATION, DISTRIBUTION, ETC. (IMPRINT)
Place of publication :
Name of publisher D.Reidel Publishing Company ,
Year of publication 1983.
300 ## - PHYSICAL DESCRIPTION
Number of Pages 220 ; .
700 1# - ADDED ENTRY--PERSONAL NAME
Personal name Schnell, W .
942 ## - ADDED ENTRY ELEMENTS (KOHA)
Koha item type Books
Holdings
Withdrawn status Lost status Damaged status Home library Current library Date acquired Full call number Accession Number Koha item type
      KAUAET KAUAET 07/04/2012 621.0427 19917 Reference
free website counter